European Countries With The Most People Under 15 - Statistics

General Stats
  • This quiz has been taken 51 times
  • The average score is 14 of 16
Answer Stats
% Country % Correct
16.9 United Kingdom
98%
18.1 Norway
96%
16.5 Finland
94%
17.6 Sweden
94%
16.2 Netherlands
92%
16.4 Denmark
90%
18.4 France
90%
17.2 Russia
90%
21.7 Ireland
88%
16.7 Belgium
85%
20.3 Iceland
85%
17.7 Albania
79%
15.9 Belarus
79%
16.0 Estonia
75%
18.3 Moldova
63%
18.0 Montenegro
63%
No matching quizzes found
Score Distribution
Percent of People with Each Score
Percentile by Number Answered
Your Score History
You have not taken this quiz